Normal view
MARC view
Entry Personal Name
001 - CONTROL NUMBER
- control field: 22982
003 - CONTROL NUMBER IDENTIFIER
- control field: OSt
005 - DATE AND TIME OF LATEST TRANSACTION
- control field: 20211214170236.0
008 - FIXED-LENGTH DATA ELEMENTS
- fixed length control field: 211214|| aca||aabn | a|a d
040 ## - CATALOGING SOURCE
- Original cataloging agency: OSt
- Transcribing agency: OSt
100 ## - HEADING--PERSONAL NAME
- Personal name: Faldwin A. Bruce
670 ## - SOURCE DATA FOUND
- Source citation: Work cat.: (OSt)22566: Faldwin A. Bruce, FINANCIAL ACCOUNTING SCORE BUILDER, 1988